[Event "WCh"]
[Site "Brissago SUI"]
[Date "2004.??.??"]
[Round "4"]
[White "Kramnik, Vladimir"]
[Black "Leko, Peter"]
[Result "1/2-1/2"]
[WhiteElo "2770"]
[BlackElo "2741"]
[Annotator "Moskalenko, V"]
[PlyCount "86"]
[EventDate "2004.09.25"]
[EventRounds "14"]
[EventCountry "SUI"]
[Source "EDAMI"]
[SourceDate "2006.12.20"]

{Cuando llegó la hora de la cuarta ronda dio la impresión de que Kramnik
(blancas) estaba muy satisfecho con la marcha del match y en la partida de ese
día optó por un juego sin demasiados riesgos. Así, en los momentos críticos,
siempre se decantaba por las líneas más seguras.} 1. e4 e5 2. Nf3 Nc6 (2... Nf6
$5 {En los últimos matches mundiales el desarrollo de las aperturas progresa
astronómicamente (se ve el trabajo de los fuertes equipos de entrenadores).
Sobre todo en lo que se refiere a esquemas sólidos. En el futuro (si no
aparece ningún cambio en el sistema del campeonato mundial), creo que una sola
partida ganada podrá ser suficiente para conseguir el título.}) 3. Bb5 a6 4.
Ba4 Nf6 5. O-O Be7 6. Re1 b5 7. Bb3 O-O {
Las negras amagan entrar en la variante Marshall.} 8. h3 {
De esta manera, Kramnik impide que su rival juegue activamente.} Bb7 9. d3 d6
10. a3 {Diagrama # El primer momento crítico de la partida.} Nd7 {Leko realiza
una jugada poco habitual. Una de sus ideas es la de buscar un juego creativo,
saliendo rápidamente de las líneas principales.} ({
Lo más habitual, lógico y parece que también lo mejor es} 10... Na5 11. Ba2 c5
{y las negras luchan por el espacio con una posición compleja. De hecho, en su
próxima partida con el mismo color Leko escogió este plan.}) 11. Nc3 Nd4 {
Diagrama # Otro momento importante.} 12. Ba2 {
En los tiempos que corren, no es fácil ganar una partida de esta manera.} ({
La respuesta} 12. Nxd4 {era la principal y después de} exd4 13. Nd5 {Diagrama N
o sabemos lo que tenían  preparado las negras para continuar aquí, aunque creo
que les sería difícil sorprender con algo. Y las blancas obtienen una ligera,
pero bastante estable ventaja: una mejor estructura de peones y un fuerte
punto avanzado en d5, lo cual no es poco.} (13. Ne2 {Partida de Grischuk})
13... Bh4) 12... Nxf3+ 13. Qxf3 Bg5 $1 {
Con los cambios, la posición se acerca a la igualdad.} 14. Bxg5 Qxg5 15. Nd5 c6
16. Ne3 g6 {El caballo no llega a f5, pero las blancas ganan tiempo y cogen el
control en el centro.} ({Probablemente era mejor} 16... Nc5 17. Nf5 Qf6 ({
o bien} 17... Rad8 {con un aproximado equilibrio})) 17. Rad1 Rad8 18. c3 c5 19.
Bd5 $5 {Diagrama # Kramnik comienza a presionar en los puntos débiles de las
negras, obligándolas a defenderse con precisión.} Bc8 {Parece obligado.} ({
En el caso de} 19... Bxd5 20. Nxd5 f5 21. Nc7 {
las negras tienen muchas debilidades en su ejército.}) 20. b4 Nb6 {Diagrama #
l momento culminante de la lucha en el medio juego. Si las negras consiguen el
cambio del resto de las piezas ligeras, entonces la posición se simplificará.}
21. c4 ({Otra posibilidad es} 21. d4 $5 cxd4 (21... exd4 $5 22. cxd4 c4 $13)
22. cxd4 {y las blancas están más cómodas.  No ta de Red. El propio Kramnik,
en la rueda de prensa posterior a la partida, estaba descontentó de la
decisión que tomó en este momento, opinando que tenía mejores opciones.}) 21...
Nxd5 22. Nxd5 Be6 23. bxc5 dxc5 24. Rb1 Rb8 25. cxb5 ({
Tal vez, el último intento serio de ganar era la jugada} 25. Nc7 Rbc8 (25...
bxc4 26. Rxb8 Rxb8 27. Nxe6 fxe6 28. dxc4 $14) 26. Nxe6 fxe6 27. Qe2 {
con una ligera ventaja de blancas.}) 25... Bxd5 {Nota Red. Una jugada
innecesaria, que da a las blancas un peón pasado y la rápida penetración de la
dama que ahora seguirá. Era mejor la sencilla} (25... axb5 {
como señaló Kramnik en la mencionada conferencia de prensa.}) 26. exd5 axb5 27.
d6 $1 {Nota Red. Ahora las blancas alcanzan su máxima ventaja en la partida y
Leko debe jugar con gran precisión.} b4 $1 28. a4 Rfd8 29. Qd5 Qf6 30. Qxc5
Qxd6 {Los peones caen como manzanas maduras.} 31. Qxd6 Rxd6 32. Rxe5 b3 33. Rb5
Ra8 34. R1xb3 Rxa4 {
El peón en d3 es una ventaja muy insignificante. Las tablas son evidentes.} 35.
Rb6 Rd7 36. Rf6 Ra1+ 37. Kh2 Rd1 38. Rf3 h5 39. h4 Rd2 40. g3 Kg7 41. Kg2 Rd1
42. Re3 Kh7 43. Kf3 Rd2 {Diagrama # Es imposible progresar.  (Como conclusión,
puedo decir que, a nivel profesional, ésta ha sido una partida de alto nivel
técnico, pero para la mayoría de los aficionados resultó ser poco espectacular,
ya que le faltaba la verdadera lucha, como en los viejos tiempos. Pero no hay
que olvidar que estamos en tiempos pragmáticos y que no se juzga a los
ganadores sobre todo a nivel mundial.)} 1/2-1/2

[Event "WCh"]
[Site "Brissago SUI"]
[Date "2004.10.02"]
[Round "5"]
[White "Leko, Peter"]
[Black "Kramnik, Vladimir"]
[Result "1-0"]
[WhiteElo "2741"]
[BlackElo "2770"]
[Annotator "Martin, A"]
[PlyCount "137"]
[EventDate "2004.09.25"]
[EventRounds "14"]
[EventCountry "SUI"]
[Source "EDAMI"]
[SourceDate "2006.12.20"]

1. d4 {Una sorpresa. Leko prácticamente nunca ha empezado así la partida. Sin
duda su incapacidad para sacar algo positivo contra la Defensa Petrov que le
planteó Kramnik en las partidas anteriores, le llevó a tomar esta decisión. 
Sólo se conocen un par de partidas en que jugó 1.d4, contra Krasenkow, en
Polanica Zdroj 1998 y contra Veroci en un campeonato húngaro por equipos del
mismo año.   También ha jugado en algunas ocasiones la apertura Inglesa 1.c4 e
incluso en su juventud empleaba de vez en cuando 1.a3, para luego seguir algún
esquema de negras con colores cambiados, pero mayoritariamente su apertura
predilecta ha sido 1.e4} Nf6 2. c4 {Normal, pero en las dos mencionadas
partidas, Leko prefirió la Apertura Trompowsky: 2.Bg5. Ambas partidas fueron
tablas.} e6 {Una opción bastante normal en Kramnik, quien también ha jugado la
Defensa Grunfeld 2...g6 3.Nc3 d5, una de las armas favoritas de Leko. Sin duda,
prefirió llevar a su oponente a caminos que le fueran menos familiares.} 3. Nf3
d5 4. Nc3 Be7 5. Bf4 {Es mucho más frecuente jugar el alfil a g5, pero esta
línea también está bien considerada y goza de las preferencias de muchos
jugadores, Karpov y Dreev entre otros.} O-O 6. e3 c5 {Esta se considera la
mejor reacción de las negras en esta variante, y el mismo Kramnik la ha jugado
regularmente, aunque en una partida rápida contra Kasparov eligió 6...Nbd7
para seguir luego con ...c5.} 7. dxc5 Bxc5 8. cxd5 {En 1998, en el torneo de
Wijk aan Zee, Van Wely le ganó una partida a Kramnik con la continuación 8.a3
que llevó a una lucha aguda tras 8...Nc6 9.Qc2 Qa5 10.0-0-0. Leko prefiere
otro tipo de posiciones, más técnicas, como la que se producirá ahora,
presionando sobre el peón aislado de las negras.} Nxd5 {También es posible
capturar directamente con el peón, pero Kramnik, en las partidas que se
conocen, siempre ha tomado con el caballo, que es la continuación más
utilizada.} 9. Nxd5 exd5 {Cuando se tiene un peón aislado, hay que jugar de
modo activo, evitando llegar a finales, por lo que la captura con dama sería
un serio error posicional.} 10. a3 Nc6 11. Bd3 Bb6 12. O-O Bg4 ({Todo esto es
bien conocido, aunque Kramnik en una partida rápida frente a Piket había
preferido la alternativa} 12... d4 {
para deshacerse de su peón aislado. Pero tras} 13. e4 Bg4 14. h3 Bh5 15. g4 Bg6
{resulta molesto el plan empleado por Khalifman frente a Beliavsky con} 16. Nd2
{seguido de Bg3 y f4.}) 13. h3 Bh5 14. b4 Re8 15. Rc1 ({En una partida
semirrápida del torneo Melody Amber, Van Wely contra Kramnik eligió la extraña
jugada} 15. Ra2) 15... a6 ({Las negras todavía no pueden jugar} 15... d4 $2 {
para librarse de su peón aislado, debido a} 16. g4 Bg6 17. Bxg6 hxg6 18. b5
dxe3 {de otro modo se pierde el peón d4.} 19. bxc6 $1 e2 20. Qxd8 exf1=Q+ 21.
Kxf1 Raxd8 22. cxb7 {y la posición negra es muy delicada, como se demostró en
una partida Lima-Milos. Sao Paulo 1993 donde siguió} f6 {
para evitar Ne5 seguido de Nc6.} 23. Rb1 {
y la amenaza a4-a5 resulta muy dificil de neutralizar.}) 16. Bxa6 $1 {
Una novedad de Dreev, utilizada por primera vez frente a Georgiev en Sarajevo
2001, que plantea ciertos problemas a las negras que deben resignarse a jugar
un final inferior. Previamente se había jugado 16.g4 Bg6 17.Bxg6 hxg6 18.Rc3
para seguir con Rd3. Pero las negras tienen tiempo de jugar 18...d4 y como
demostró Kasparov frente a Van Wely, tras 19.Rd3 Qd5 20.exd4 Re4 consiguen
buena compensación por el peón.} Rxa6 17. b5 Rxa3 18. bxc6 bxc6 19. Rxc6 {
Todo esto ha sido forzado. Leko pensó mucho en la apertura, pero probablemente
tenía bien estudiado este final y comprobó que las dificultades negras son
mayores de lo que se generalmente se creía. El problema de las negras es que
están condenadas a jugar un final desagradable donde las tablas es su máxima
aspiración.} Ra7 ({Esto se considera la mejor defensa contra la amenaza Rd6.
En las primeras partidas se jugó} 19... Re6 {
pero Atalik le ganó a Short con la continuación} 20. Rxe6 fxe6 21. Qc1 {
asegurandose la ventaja.}) 20. Rd6 ({No da nada la continuación} 20. Qb3 Bxf3
21. gxf3 Bc7 22. Rxc7 Rxc7 23. Bxc7 Qxc7 24. Qxd5 Qe5 25. Rd1 Qxd5 26. Rxd5 {
y en comparación con la partida, los alfiles han sido cambiados, y en el final
de torres las negras no tienen demasiados problemas para empatar, como se
demostró en la partida Malakhatko,V-Pigusov,E. Ohrid2001}) 20... Rd7 21. Qxd5
Rxd6 22. Qxd6 Qxd6 23. Bxd6 Bxf3 $6 {Este final va a resultar muy penoso para
las negras. Por ello merecía la pena conservar la pareja de alfiles, que
siempre son un buen recurso defensivo, a pesar de que con todos los peones en
el flanco de rey el caballo es una pieza poderosa. El caso es que Anand
consiguió salvar la posición de las negras frente a Karpov, en el match
Rusia-Resto del Mundo. Moscú 2002 con} (23... Rd8 24. Bg3 Bc5 25. Rc1 Bf8 {
, pero se trataba de una partida semirrápida y tuvo que defenderse durante 114
jugadas. Y en una partida Istratescu-Malakhatko del open de Patrás 2002, las
blancas consiguieron ganar el final, forzando el cambio de los alfiles de
casillas negras, algo que Anand consiguió evitar.  En la conferencia de prensa
después de la partida Leko reconoció que probablemente el final deba ser
tablas, pero después del cambio en f3 la defensa negra es muy desagradable
porque les espera una larga defensa sin que puedan hacer nada para intentar
forzar los acontecimientos.}) 24. gxf3 Bd8 25. Rb1 Bf6 26. Kg2 {El plan más
peligroso es el que emplea Leko a continuación, basado en ganar espacio con 
las jugadas f4 y luego e4 y e5. La idea de desdoblar los peones no es tan
fuerte, como se vio en la partida Gritsak,O-Kruppa,Y. Alushta 2002 que siguió}
(26. Rb5 g6 27. f4 Rd8 28. Bb4 h5 29. Kg2 Rd1 30. Ba5 Kg7 31. f5 {y tras} gxf5
32. Rxf5 Kg6 33. e4 Bd8 34. Bc3 Rd3 35. Be5 Bh4 36. Bf4 f6 {las negras
eron una buena disposición defensiva y terminaron logrando las tablas en la
jugada 63.}) 26... g6 27. f4 Kg7 ({Es dificil establecer cual puede ser la
mejor línea de defensa, pero a la vista de lo que sigue podría sugerirse la
colocación de la torre en la fila 7 empezando con} 27... Rd8 {
y luego Rd7. Pero ese plan pudo jugarse más tarde.}) 28. Rb7 Re6 29. Rd7 Re8
30. Ra7 Re6 31. Bc5 Rc6 32. Ra5 Bc3 33. Rb5 Ra6 34. Rb3 {De momento las
blancas no consiguen nada, pero Leko, que había pensado mucho en la apertura,
estaba apurado de tiempo y quiere llegar al control en la jugada 40 sin hacer
ningún cambio en la posición.} Bf6 35. Rb8 h5 36. Rb5 Bc3 37. Rb3 Bf6 38. e4
Ra5 39. Be3 Ra4 ({Ahora el alfil negro se verá obligado a ir a una diagonal
donde no colabora en la defensa. Podía considerarse} 39... Kh7 40. e5 Bg7 {
para evitar el plan que ahora seguirá, aunque no es fácil afirmar que ello
salvase a las negras. Sin duda a Kramnik no le gustó dejar su alfil en una
posición tan pasiva.}) 40. e5 Be7 41. Rb7 Kf8 42. Rb8+ Kg7 {Ahora las blancas
tienen un plan sencillo pero sumamente efectivo: Colocar su alfil en d4
preparando e6.} 43. Kf3 Rc4 44. Ke2 Ra4 ({Una defensa interesante podría ser} 
44... Rc7 {para responder al plan Bd4 y e6+ con ...Bf6. Incluso más tarde
Kramnik tuvo una ocasión de jugar así.}) 45. Kd3 Bh4 46. Bd4 Ra3+ 47. Kc2 {
Las blancas hacen algunas jugadas superfluas para ganar tiempo hasta el
control en la jugada 60.} Ra2+ 48. Kd3 Ra3+ 49. Ke4 Ra4 50. Kd5 Ra5+ 51. Kc6
Ra4 52. Kc5 Be7+ (52... Ra7 {
era la ocasión de establecer el mencionado esquema defensivo.}) 53. Kd5 Ra5+
54. Ke4 Ra4 55. Rc8 Bh4 ({No} 55... Kh7 $2 56. Rc7) 56. e6+ Bf6 57. e7 Rxd4+
58. Ke3 Bxe7 59. Kxd4 Bh4 (59... f5 {podría ser una defensa más directa,
intentando  que el alfil ocupe la gran diagonal. La mejor continuación parece}
60. Rc7 $1 (60. Ke5 Bf6+ 61. Ke6 Bd4 62. Rc7+ Kg8 {
ver el comentario a la jugada 62}) 60... Kf6 61. Rc6+ (61. Kd5 Bd8 62. Ra7 Be7
{parece similar}) 61... Kf7 62. Ke5 Bd8 63. Rc8 Bb6 {
y llegamos al final que analizaremos en el comentario de la jugada 62}) 60. f3
f5 ({El peón en f7 no se podrá mantener por mucho tiempo, ya que el plan
blanco sería colocar el rey en e8 y la torre en la séptima.} 60... Kf6 61. Ke4
Ke7 62. Rc6 {parece menos precisa.}) 61. Rc7+ Kf6 62. Kd5 Bg3 $2 ({Ahora las ne
gras pierden de modo forzado. La única posibilidad era intentar  colocar el
alfil en la gran diagonal con} 62... Be1 {a lo que sigue} 63. Rc6+ Kf7 64. Ke5
{lo que obliga prácticamente a} Ba5 65. Rc8 (65. Rf6+ Kg7 66. Ke6 {
permite a las negras colocar bien su alfil con} Bc3 $1 67. Rf7+ Kg8 {y la posic
ión debe ser tablas. Un final similar lo salvó el propio Leko con negras
frente a Khalifman en el match que jugaron en Budapest 2000.}) 65... Bb6 {
llegando a la posición crítica de este final.}) 63. Rc6+ Kg7 64. Ke5 h4 ({
Igualmente pierde} 64... Bh4 65. Rc7+ Kg8 66. Ke6 Kf8 67. Rc8+ Kg7 68. Rb8 {
y las negras quedan en zugzwang}) 65. Rc7+ Kh6 66. Rc4 Kg7 67. Ke6 Bh2 68. Rc7+
Kh6 69. Kf7 1-0

[Event "WCh"]
[Site "Brissago SUI"]
[Date "2004.10.05"]
[Round "7"]
[White "Leko, Peter"]
[Black "Kramnik, Vladimir"]
[Result "1/2-1/2"]
[WhiteElo "2741"]
[BlackElo "2770"]
[Annotator "Rodríguez, Am"]
[PlyCount "41"]
[EventDate "2004.09.25"]
[EventRounds "14"]
[EventCountry "SUI"]
[Source "EDAMI"]
[SourceDate "2006.12.20"]

1. d4 {
Leko repite el peón dama, que lo llevó a un gran éxito en la quinta partida.}
d5 2. c4 c6 {Esta vez Kramnik ha aprendido la lección. ?Por qué seguir a
través de una línea tan conocida y sencilla como en aquella partida, cuando él
conoce en profundidad otras líneas complejas y órdenes sutiles?} 3. Nc3 Nf6 4.
Nf3 dxc4 5. a4 e6 $5 {
Kramnik mueve sus recursos, tentando a su rival a entrar en líneas oscuras.} (
5... Bf5 {Es aquí la continuación clásica por excelencia, favorita de muchos
grandes maestros de élite.}) 6. e3 (6. e4 Bb4 7. Bg5 b5 {llevaría a una línea
dificil de manejar para las blancas, sobre todo para alguien sin experiencia
en estas posiciones como Leko.}) 6... c5 {Kramnik transpone al Gambito de Dama
Aceptado, una apertura que conoce a la perfección y para la cual trabajo mucho
durante su match contra Kasparov.} 7. Bxc4 Nc6 8. O-O cxd4 9. exd4 Be7 10. Be3
$6 {No es que sea mala, ni dudosa, pero con el signo quiero enfatizar que las
blancas se apartan de todas aquellas continuaciones incisivas que pretenden
buscar lucha contra el Gambito de Dama Aceptado, como por ejemplo 10.Qe2, 10.
Re1, 10.Bg5, etc.} O-O 11. Ne5 Nb4 {La partida sigue un curso normal, en el
que las negras buscan controlar bien la casilla d5.} 12. a5 $5 {Una jugada que
es normal en el Gambito de Dama Aceptado, pero en aquellas posiciones en que
las negras han adelantado ya su peón a a6. Ahora se ve un tanto diferente e
incluso en algunas variantes las blancas pretenden seguir adelante con este
peón.} Bd7 {#} 13. d5 {Queda claro que las blancas no van a lograr nada con
esta simplificación, por lo cual cabe interpretar que después de haber gastado
bastante tiempo en sus primeras jugadas, Leko estaba satisfecho con un empate.
Las alternativas para luchar más eran 13.Qf3 ó 13.Qb3 aunque dificilmente
crearían problemas a Kramnik. Toda esta variante con 10.Be3 parece bastante
inofensiva.} exd5 14. Nxd5 Nbxd5 15. Bxd5 Nxd5 16. Qxd5 {En este tipo de
posiciones, que incluso pueden derivarse de la Petrov, es usual que las negras
sacrifiquen su peón b y lo compensen bien con la pareja de alfiles, pero en
esta ocasión Kramnik prefiere jugar sobre lo seguro.} Bc8 $5 17. Rfd1 ({
Para luchar un poquito más podía jugarse} 17. Qe4 {
pero sin grandes aspiraciones en realidad.}) 17... Qxd5 18. Rxd5 Be6 19. Rb5
Bf6 20. Nf3 b6 21. axb6 {Kramnik podía haber postergado aceptar este empate
hasta un poco más tarde, obligando a Leko a realizar varias jugadas precisas
para lograrlo, porque en variantes como} (21. axb6 axb6 22. Rxa8 $6 (22. Re1
Ra6 23. Rxb6 Rxb6 24. Bxb6 Bxb2 25. Bd4 $11) 22... Rxa8 23. h3 Bd8 $1 {
las negras quedarían muy bien. Claro que un jugador tan sólido como Leko jamás
daría chances en un final tan simplificado.}) 1/2-1/2